000
00294 a2200121 4500
001
147504
040
_c
Escola São Tomás de Aquino
100
_a
MATA, Marta
240
1
0
_a
O irmão do João sujinho
_l
por
245
1
0
_a
O irmão do João sujinho
697
_a
*LITERATURA INFANTIL
942
_c
BK
999
_c
147504
_d
147504